Reperfúzna fibrinolytická liečba akútneho infarktu myokardu - čo môžeme urobiť "zo dňa na deň"

Bibliographic Details
Main Author: Hricák, Vasiľ, 1956-2021 (Author)
Format: Article
Language:Slovak
ISSN:1210-0048
Subjects:

MARC

LEADER 00000nab a2200000 a 4500
001 vtls008414906
003 SK-MaSNL
005 20260304215147.0
008 250505c2005 xo 0 slo
015 |a SNBCL2005/5 
035 |a SLK031352 
035 |a urn:nbn:sk:snk-ab334x 
035 |a (urnnbn)urn:nbn:sk:snk:ar-a05rrv 
035 |a (uuid)16a03b7d-2777-4fd3-a2a9-ba7b31beef81 
040 |a SNKBUCL  |b slo  |c SNKBUCL  |e AACR2 
041 0 |a slo 
044 |a xo  |c SK 
080 |a 616.127-005.8:615.273.55  |2 1981 
100 1 |a Hricák, Vasiľ,  |d 1956-2021  |4 aut  |9 10348 
245 1 0 |a Reperfúzna fibrinolytická liečba akútneho infarktu myokardu - čo môžeme urobiť "zo dňa na deň"  |c Vasiľ Hricák 
504 |a Bibliogr. odkazy 
650 0 7 |a infarkt myokardu  |2 MESH  |9 2496 
650 0 7 |a reperfúzia myokardu  |2 MESH  |9 256860 
650 0 7 |a myokard  |2 MESH  |9 14737 
650 0 7 |a trombolytická terapia  |2 MESH  |9 205011 
773 0 |t Kardiológia  |g Vol. 14, no. 2 (2005), p. 69-71  |x 1210-0048 
850 |a Slovenská národná knižnica 
852 |a Slovenská národná knižnica 
958 |a article27 
958 |a OND 
999 |c 3145021  |d 3146951